Потенциальный спрос на выпускников ВУЗа (прогноз уровня трудоустройства по г. Юрги); Прогрессивные технологии и экономика в машиностроении

Detaylı Bibliyografya
Parent link:Прогрессивные технологии и экономика в машиностроении.— 2013.— [С. 342-344]
Yazar: Гордеева И. А.
Müşterek Yazar: Национальный исследовательский Томский политехнический университет (ТПУ) Юргинский технологический институт (филиал) (ЮТИ) Кафедра экономики и автоматизации систем управления (ЭАСУ)
Diğer Yazarlar: Медведева И. В. Ирина Валентиновна (научный руководитель)
Özet:Заглавие с экрана
Dil:Rusça
Baskı/Yayın Bilgisi: 2013
Seri Bilgileri:Экономика, менеджмент и маркетинг на предприятии
Konular:
Online Erişim:http://www.lib.tpu.ru/fulltext/c/2013/C57/154.pdf
Materyal Türü: Elektronik Kitap Bölümü
KOHA link:https://koha.lib.tpu.ru/cgi-bin/koha/opac-detail.pl?biblionumber=606339

MARC

LEADER 00000naa2a2200000 4500
001 606339
005 20231101132410.0
035 |a (RuTPU)RU\TPU\conf\3718 
035 |a RU\TPU\conf\3717 
090 |a 606339 
100 |a 20140527d2013 k y0rusy50 ca 
101 0 |a rus  |g rus 
102 |a RU 
105 |a y z 100zy 
135 |a drcn ---uucaa 
181 0 |a i  
182 0 |a b 
200 1 |a Потенциальный спрос на выпускников ВУЗа (прогноз уровня трудоустройства по г. Юрги)  |f И. А. Гордеева  |g науч. рук. И. В. Медведева 
203 |a Текст  |c электронный 
215 |a 1 файл(251 Кб) 
225 1 |a Экономика, менеджмент и маркетинг на предприятии 
230 |a Электронные текстовые данные (1 файл: 251 Кб) 
300 |a Заглавие с экрана 
320 |a [Библиогр.: с. 344 (3 назв.)] 
337 |a Adobe Reader 
463 1 |0 (RuTPU)RU\TPU\conf\2057  |t Прогрессивные технологии и экономика в машиностроении  |o сборник трудов IV Всероссийской научно-практической конференции с элементами научной школы для студентов и учащейся молодежи, 4-6 апреля 2013 года, Юрга  |f Национальный исследовательский Томский политехнический университет (ТПУ), Юргинский технологический институт (ЮТИ) ; отв. за вып. Д. А. Чинахов  |v [С. 342-344]  |d 2013 
610 1 |a электронный ресурс 
610 1 |a труды учёных ТПУ 
610 1 |a спрос 
610 1 |a выпускники 
610 1 |a вузы 
610 1 |a трудоустройство 
610 1 |a Юрга 
700 1 |a Гордеева  |b И. А. 
702 1 |a Медведева  |b И. В.  |c экономист  |c старший преподаватель Юргинского технологического института (филиал) Томского политехнического университета  |f 1981-  |g Ирина Валентиновна  |2 stltpush  |4 727 
712 0 2 |a Национальный исследовательский Томский политехнический университет (ТПУ)  |b Юргинский технологический институт (филиал) (ЮТИ)  |b Кафедра экономики и автоматизации систем управления (ЭАСУ)  |h 360  |2 stltpush  |3 (RuTPU)RU\TPU\col\18900 
801 1 |a RU  |b 63413507  |c 20101016 
801 2 |a RU  |b 63413507  |c 20140527  |g RCR 
856 4 |u http://www.lib.tpu.ru/fulltext/c/2013/C57/154.pdf 
942 |c BK